000 01049nam a2200229Ia 4500
003 Ost
005 20260507075025.0
008 260507s9999||||xx |||||||||||||| ||und||
020 _a9775919113
040 _cfsecg
041 _aara
082 _a330
100 _aمصطفى، عبد الحفيظ محمد فوزى
_eمؤلف
245 0 _aنظرية التقدير /
_c عبد الحفيظ محمد فوزى مصطفى
260 _aالقاهرة:
_bمجموعة نيل العربي,
_c2000
300 _a481 صفحة؛
_bإيضاحات ؛
_c24 سم
520 _aمبرهنات النهاية- بعض النماذج الإحصائية الخاصة- المعاينة والتوزيعات الإحصائية والمعلومات في العينة الكافية- طرق إيجاد المقدرات النقطية- طرق التقدير بفترة- طرق التقدير
653 _aالإحتمالات
653 _aالإحصاء - المعاملات الإرتباطية
653 _aالتقدير الكمى
942 _cكتاب
999 _c42326
_d42326